Portuguese fairy tales (Record no. 31106)

MARC details
000 -LEADER
fixed length control field 00288nam a2200121Ia 4500
082 ## - DEWEY DECIMAL CLASSIFICATION NUMBER
Classification number 82-34
Item number FAI
100 ## - MAIN ENTRY--AUTHOR NAME
Personal name Maurice, Pamela
245 #0 - TITLE STATEMENT
Title Portuguese fairy tales
260 ## - PUBLICATION, DISTRIBUTION, ETC. (IMPRINT)
Place of publication Bombay
Name of publisher Somaiya
Year of publication 1969
700 ## - ADDED ENTRY--PERSONAL NAME
Personal name Michael
942 ## - ADDED ENTRY ELEMENTS (KOHA)
Koha item type Books
Holdings
Withdrawn status Lost status Damaged status Not for loan Home library Current library Date acquired Full call number Accession Number Koha item type
        RRII Library RRII Library 16/12/2021 82-34 FAI 11660 Books